| 000 | 00738nam a22002057a 4500 | ||
|---|---|---|---|
| 003 | OSt | ||
| 005 | 20151016132401.0 | ||
| 008 | 130417s2006 sp ||||| |||| 00| 0 cat d | ||
| 020 | _a8476099924 | ||
| 040 | _cCDMR | ||
| 245 |
_aEntre la crònica i l'imaginari _b: fotografies de la Segona República |
||
| 260 |
_aBarcelona _bArxiu Històric Fotogràfic |
||
| 260 |
_bInstitut de Cultura _c2006 |
||
| 300 |
_a117 p. _bil. b/n |
||
| 500 | _aCatàleg de l'exposició celebrada del 25 d'octubre de 2006 al 20 de novembre de 2007 | ||
| 650 | 0 | 4 |
_93095 _aFotografia documental _vExposicions |
| 710 | 2 |
_93217 _aArxiu Històric de la Ciutat (Barcelona, Catalunya) |
|
| 710 | 2 |
_93218 _aInstitut de Cultura (Barcelona, Catalunya) |
|
| 942 |
_2udc _cMON |
||
| 999 |
_c6114 _d6114 |
||